000 00668nam a2200133Ia 4500
008 100328s9999 xx 000 0 und d
082 _b47813
100 _aब्रह्मवर्चस-संपा.
245 _aव्यक्तित्व विकास हेतु उध्स्तरीय साधनाएँ
260 _bअखण्ड ज्योति संस्थान
630 _aव्यक्तित्व विकास हेतु उध्स्तरीय साधनाएँ
730 _aव्यक्तित्व विकास हेतु उध्स्तरीय साधनाएँ
942 _cBOOK
999 _c535536
_d535533